<?xml version="1.0" encoding="UTF-8"?>
<record
    xmlns:xsi="http://www.w3.org/2001/XMLSchema-instance"
    xsi:schemaLocation="http://www.loc.gov/MARC21/slim http://www.loc.gov/standards/marcxml/schema/MARC21slim.xsd"
    xmlns="http://www.loc.gov/MARC21/slim">

  <leader>03862cam a22005055i 4500</leader>
  <controlfield tag="001">23662497</controlfield>
  <controlfield tag="003">OSt</controlfield>
  <controlfield tag="005">20260320210519.0</controlfield>
  <controlfield tag="008">240205s2023    mx a     b    000 0 spa  </controlfield>
  <datafield tag="010" ind1=" " ind2=" ">
    <subfield code="a">  2024447125</subfield>
  </datafield>
  <datafield tag="020" ind1=" " ind2=" ">
    <subfield code="a">9786078722129</subfield>
  </datafield>
  <datafield tag="020" ind1=" " ind2=" ">
    <subfield code="a">6078722123</subfield>
  </datafield>
  <datafield tag="035" ind1=" " ind2=" ">
    <subfield code="a">23662497</subfield>
  </datafield>
  <datafield tag="035" ind1=" " ind2=" ">
    <subfield code="a">(kboclc)1428228760</subfield>
  </datafield>
  <datafield tag="035" ind1=" " ind2=" ">
    <subfield code="a">(CVcHKB)hkb0000022174</subfield>
  </datafield>
  <datafield tag="040" ind1=" " ind2=" ">
    <subfield code="a">DLC</subfield>
    <subfield code="b">eng</subfield>
    <subfield code="e">rda</subfield>
    <subfield code="c">DLC</subfield>
  </datafield>
  <datafield tag="042" ind1=" " ind2=" ">
    <subfield code="a">pcc</subfield>
  </datafield>
  <datafield tag="050" ind1="0" ind2="0">
    <subfield code="a">IN PROCESS</subfield>
  </datafield>
  <datafield tag="082" ind1="0" ind2="4">
    <subfield code="a">155.945.072.2</subfield>
    <subfield code="b">E77c</subfield>
  </datafield>
  <datafield tag="110" ind1="2" ind2=" ">
    <subfield code="a">Espacio de Arte Contempor&#xE1;neo (ESPAC)</subfield>
    <subfield code="e">autor</subfield>
  </datafield>
  <datafield tag="245" ind1="0" ind2="0">
    <subfield code="a">Y si la casa era la instituci&#xF3;n /</subfield>
    <subfield code="c">[curadur&#xED;a y edici&#xF3;n : Pamela Desjardins y Laura Orozco].</subfield>
  </datafield>
  <datafield tag="250" ind1=" " ind2=" ">
    <subfield code="a">Primera edicion.</subfield>
  </datafield>
  <datafield tag="264" ind1=" " ind2="1">
    <subfield code="a">Ciudad de M&#xE9;xico :</subfield>
    <subfield code="b">ESPAC,</subfield>
    <subfield code="c">Noviembre 2023.</subfield>
  </datafield>
  <datafield tag="300" ind1=" " ind2=" ">
    <subfield code="a">209 p&#xE1;ginas :</subfield>
    <subfield code="b">ilustraciones (algunas a color) ;</subfield>
    <subfield code="c">23 cm</subfield>
  </datafield>
  <datafield tag="336" ind1=" " ind2=" ">
    <subfield code="a">texto</subfield>
    <subfield code="b">txt</subfield>
    <subfield code="2">contenido rda</subfield>
  </datafield>
  <datafield tag="337" ind1=" " ind2=" ">
    <subfield code="a">sin mediaci&#xF2;n</subfield>
    <subfield code="b">n</subfield>
    <subfield code="2">medio rda</subfield>
  </datafield>
  <datafield tag="338" ind1=" " ind2=" ">
    <subfield code="a">volumen</subfield>
    <subfield code="b">nc</subfield>
    <subfield code="2">soporte rda</subfield>
  </datafield>
  <datafield tag="500" ind1=" " ind2=" ">
    <subfield code="a">Algunas p&#xE1;ginas son m&#xE1;s peque&#xF1;as (20 p&#xE1;ginas entre las p&#xE1;ginas 14 y 105).</subfield>
  </datafield>
  <datafield tag="504" ind1=" " ind2=" ">
    <subfield code="a">Incluye referencias bibliogr&#xE1;ficas.</subfield>
  </datafield>
  <datafield tag="505" ind1="8" ind2=" ">
    <subfield code="a">Y si la casa era la instituci&#xF3;n / Pamela Desjardins y Laura Orozco -- Este es el inicio de un archivo / Elva Peniche Montfort -- Hojas carta / Cecilia Miranda G&#xF3;mez -- Coleciones de lo (in)&#xFA;til / Circe Irasema -- MUMA - Museo de Mujeres Artistas Mexicanas / unaconversaci&#xF3;n entre Magali Lara y Pamela Desjardins -- La casa encantada / Fabiola Torres-Alzaga -- Genealog&#xED;as personales-colectivas / Fernanda Ramos Mena -- Habitar la escala / Carina Lara -- Ofenda de flores / Lorena Mal -- Coleccion ESPAC -- Las m&#xE1;scaras e Joy Laville / Rebeca Barquera --Regiones y culturas de M&#xE9;xicoen la obra y gesti&#xF3;ncultural de Marta Palau / Franciny Iglesias Abbatemarco -- Proveniencia. 11 grabados de la colecci&#xF3;n ESPAC / Daniel Garza Usabiaga en conversaci&#xF3;n con Carla Rippey -- Como es adentro es afuera / Sof&#xED;a Carrillo Herrer&#xED;as-- El hogar de la intimidaci&#xF3;n / Jaime Ru&#xED;z Mart&#xED;nez -- Sobre el cuerpo femenino. La deformaci&#xF3;n de la lengua operante en la pintura de Nicole Chaput / una conversaci&#xF3;nen curso con Laura Orozco -- &#xBF;Un glosario moviente? (El archivo de notas como zona de contacto y especulaci&#xF3;n) / Andrea Ancira -- De las casas / Athenea Papacostas -- Fantasmagor&#xED;a / Natalia Mill&#xE1;n -- &#xBF;Es Usted una casa o una instituci&#xF3;n? / Alfonso Santiago.</subfield>
  </datafield>
  <datafield tag="520" ind1=" " ind2=" ">
    <subfield code="a">La noci&#xF3;n de lo dom&#xE9;stico se ha asociado principalmente con las mujeres y, por lo tanto, con lo femenino. &#xAB;Concebimos [el proyecto] "Y si la casa era la instituci&#xF3;n" como un espacio para compartir, en eco, lo femenino y lo dom&#xE9;stico, ideas sobre el cuidado, la intimidad, la intuici&#xF3;n, cosas consideradas "menores", la violencia camuflada y los fantasmas que a&#xFA;n tienen cosas que decirnos. Finalmente, retomamos estas ideas para reflexionar sobre si el hogar es una instituci&#xF3;n, en su sentido disciplinario, o si podemos transformar una instituci&#xF3;n en un hogar, hacer que los espacios de trabajo sean "m&#xE1;s dom&#xE9;sticos", promoviendo metodolog&#xED;as que fomenten el refugio y la cercan&#xED;a, para repensar las estructuras internas y tejer redes afectivas, aunque sean moment&#xE1;neas&#xBB;</subfield>
  </datafield>
  <datafield tag="546" ind1=" " ind2=" ">
    <subfield code="a">In Spanish.</subfield>
  </datafield>
  <datafield tag="610" ind1="2" ind2="0">
    <subfield code="a">Museo de Mujeres Artistas Mexicanas-MUMA.</subfield>
  </datafield>
  <datafield tag="650" ind1=" " ind2="0">
    <subfield code="a">Feminism and art.</subfield>
  </datafield>
  <datafield tag="650" ind1=" " ind2="0">
    <subfield code="a">Feminism in art.</subfield>
  </datafield>
  <datafield tag="650" ind1=" " ind2="0">
    <subfield code="a">Domestic space in art.</subfield>
  </datafield>
  <datafield tag="650" ind1=" " ind2="0">
    <subfield code="a">Art and society</subfield>
    <subfield code="z">Mexico</subfield>
    <subfield code="z">Mexico City</subfield>
    <subfield code="y">21st century.</subfield>
  </datafield>
  <datafield tag="650" ind1=" " ind2="0">
    <subfield code="a">Women artists</subfield>
    <subfield code="z">Mexico</subfield>
    <subfield code="z">Mexico City</subfield>
    <subfield code="y">21st century.</subfield>
  </datafield>
  <datafield tag="700" ind1="1" ind2=" ">
    <subfield code="a">Desjardins, Pamela,</subfield>
    <subfield code="d">1986-</subfield>
    <subfield code="e">curator,</subfield>
    <subfield code="e">editor.</subfield>
  </datafield>
  <datafield tag="700" ind1="1" ind2=" ">
    <subfield code="a">Orozco, Laura,</subfield>
    <subfield code="d">1986-</subfield>
    <subfield code="e">curator,</subfield>
    <subfield code="e">editor.</subfield>
  </datafield>
  <datafield tag="710" ind1="2" ind2=" ">
    <subfield code="a">Espacio de Arte Contempor&#xE1;neo (Mexico City, Mexico),</subfield>
    <subfield code="e">issuing body.</subfield>
  </datafield>
  <datafield tag="906" ind1=" " ind2=" ">
    <subfield code="a">0</subfield>
    <subfield code="b">ibc</subfield>
    <subfield code="c">origres</subfield>
    <subfield code="d">3</subfield>
    <subfield code="e">ncip</subfield>
    <subfield code="f">20</subfield>
    <subfield code="g">y-gencatlg</subfield>
  </datafield>
  <datafield tag="942" ind1=" " ind2=" ">
    <subfield code="2">ddc</subfield>
    <subfield code="c">1</subfield>
    <subfield code="n">0</subfield>
  </datafield>
  <datafield tag="999" ind1=" " ind2=" ">
    <subfield code="c">4606</subfield>
    <subfield code="d">4606</subfield>
  </datafield>
  <datafield tag="952" ind1=" " ind2=" ">
    <subfield code="0">0</subfield>
    <subfield code="1">0</subfield>
    <subfield code="2">ddc</subfield>
    <subfield code="4">0</subfield>
    <subfield code="7">0</subfield>
    <subfield code="a">LV</subfield>
    <subfield code="b">LV</subfield>
    <subfield code="d">2026-03-20</subfield>
    <subfield code="l">0</subfield>
    <subfield code="r">2026-03-20 21:05:30</subfield>
    <subfield code="w">2026-03-20</subfield>
    <subfield code="y">1</subfield>
  </datafield>
</record>
